[Event "BL2-N9798"]
[Site "Germany"]
[Date "1998.??.??"]
[Round "7.5"]
[White "Breutigam, Martin"]
[Black "Schulz, Michael"]
[Result "1/2-1/2"]
[WhiteElo "2380"]
[BlackElo "2270"]

1.d4 Nf6 2.c4 c5 3.d5 e6 4.Nc3 exd5 5.cxd5 d6 6.Nf3 g6 7.e4 Bg7 8.Be2 O-O
9.O-O a6 10.a4 Re8 11.Qc2 Nbd7 12.Bg5 h6 13.Bh4 Qc7 14.Nd2 g5 15.Bg3 Ne5
16.Rfc1 Bd7 17.Qb1 Ng6 18.b4 b6 19.a5 Nf4 20.Bxf4 gxf4 21.axb6 Qxb6 22.bxc5 Qxb1
23.Rcxb1 dxc5 24.Rxa6 Rxa6 25.Bxa6 Ng4 26.Ne2 f5 27.Nxf4 fxe4 28.Ne6 Bxe6
29.dxe6 e3 30.fxe3 Nxe3 31.Rb6 c4 32.Rc6 c3 33.Nb3 Kf8 34.Kf2 Nd5 35.Bc4 Ne7
36.Rc5 Rd8 37.Ke2 Bf6 38.Ra5 Rd6 39.Ra6 Rd8 40.Bd3 Rb8 41.Bc2 Rd8 42.g3 Rd5
43.Bd3 Kg7 44.Be4  1/2-1/2

[Event "Gyongyos Matra Kupa"]
[Site "Gyongyos"]
[Date "1998.??.??"]
[Round "7"]
[White "Chetverik, Maxim"]
[Black "Parkanyi, Attila"]
[Result "1-0"]
[WhiteElo "2330"]
[BlackElo "2395"]

1.d4 Nf6 2.c4 e6 3.Nf3 c5 4.d5 exd5 5.cxd5 d6 6.Nc3 g6 7.Bg5 h6 8.Bh4 Bg7
9.e3 O-O 10.Nd2 Nbd7 11.Be2 a6 12.a4 Re8 13.O-O Qc7 14.Bg3 Ne5 15.h3 b6 16.Kh1 Nh7
17.f4 Nd7 18.e4 Qd8 19.Nc4 Qe7 20.Bf3 Rb8 21.Qc2 Qf8 22.Qb3 Bd4 23.Rae1 b5
24.axb5 axb5 25.Nxb5 Ba6 26.Ncxd6 Qxd6 27.Nxd6 Rxb3 28.Nxe8 Bxf1 29.Rxf1 Rxb2
30.Nd6 Nb6 31.e5 c4 32.e6 fxe6 33.dxe6 Kf8 34.f5 g5 35.Re1 Bf6 36.Be5 Bxe5
37.Rxe5 Ke7 38.Ne4 c3 39.Nxc3 Nf6 40.Rc5 h5 41.Rc7+ Kd6 42.Rf7 g4 43.Rxf6 gxf3
44.gxf3 Nc8 45.Ne4+ Ke5 46.e7 Nxe7 47.Re6+ Kf4 48.Rxe7 Kxf3 49.h4 Rb1+ 50.Kh2 Kg4
51.f6 Rf1 52.Kg2 Rf4 53.Nf2+  1-0

[Event "Haarlem AKN op"]
[Site "Haarlem"]
[Date "1998.??.??"]
[Round "2"]
[White "Barsov, Alexei"]
[Black "Galje, Hans"]
[Result "1-0"]
[WhiteElo "2465"]
[BlackElo "2110"]

1.d4 Nf6 2.Nf3 e6 3.c4 c5 4.d5 exd5 5.cxd5 d6 6.Nc3 g6 7.Nd2 Bg7 8.Nc4 O-O
9.Bf4 Ne8 10.e3 Na6 11.Be2 Nac7 12.a4 b6 13.O-O Ba6 14.Qb3 Bxc4 15.Bxc4 a6
16.Qxb6 Rb8 17.Qc6 Rxb2 18.Ne4 Qb8 19.a5 Rb4 20.Rac1 Nb5 21.Nxc5 Nec7 22.Bxb5 Rxf4
23.exf4 dxc5 24.Bxa6 Nxa6 25.Qxa6 Qxf4 26.Rxc5 Be5 27.g3 Qd4 28.Qc4 Qd2 29.Qc2  1-0

[Event "Capablanca mem Masters II"]
[Site "Havana"]
[Date "1998.??.??"]
[Round "3"]
[White "Andonovski, Ljubisa"]
[Black "Gutierrez, Jose Antonio"]
[Result "0-1"]
[WhiteElo "2395"]
[BlackElo "2275"]

1.d4 Nf6 2.c4 c5 3.d5 e6 4.Nc3 exd5 5.cxd5 d6 6.Nf3 g6 7.e4 Bg7 8.h3 O-O
9.Bd3 b6 10.O-O Ba6 11.Re1 Bxd3 12.Qxd3 a6 13.a4 Nbd7 14.Bf4 Qc7 15.Qc4 Nh5
16.Bh2 Rfe8 17.g4 Nhf6 18.Rad1 h5 19.g5 Nh7 20.h4 Nhf8 21.b4 b5 22.axb5 Nb6
23.Qxc5 Qd7 24.Qxb6 Bxc3 25.Qxd6 Bxe1 26.Qxd7 Bxf2+ 27.Kxf2 Nxd7 28.bxa6 Rxa6
29.Ke3 Ra3+ 30.Rd3 Rea8 31.Ne5 Nb6 32.Nc6 Kf8 33.Bc7 Rxd3+ 34.Kxd3 Ra3+ 35.Kd4 Nd7
36.Bd6+ Ke8 37.e5 Rh3 38.e6 Rxh4+ 39.Kc3 Nb6 40.exf7+ Kxf7 41.Ne5+ Ke8 42.Nxg6 Nxd5+
43.Kb3 Rg4 44.Ne5 Rxg5 45.b5 h4 46.Nf3 Rg6 47.Be5 h3 48.Kc4 Nb6+ 49.Kd3 Nd7
50.Bd4 Ke7  0-1

[Event "Hessenliga9798"]
[Site "Hessen"]
[Date "1998.??.??"]
[Round "?.2"]
[White "Stockmann, Michael"]
[Black "Janoschka, Arnd"]
[Result "1-0"]
[WhiteElo "2150"]
[BlackElo "2210"]

1.d4 Nf6 2.c4 e6 3.Nf3 c5 4.d5 exd5 5.cxd5 d6 6.Nc3 g6 7.Bf4 a6 8.a4 Bg7
9.e3 O-O 10.Be2 Bg4 11.Nd2 Bxe2 12.Qxe2 Nh5 13.Bg3 Re8 14.Nc4 Nxg3 15.hxg3 f5
16.a5 Bxc3+ 17.bxc3 Qf6 18.O-O Nd7 19.Rab1 Rab8 20.Rb3 Qe7 21.Rfb1 Nf6 22.Qf3 Ne4
23.Qf4 Rf8 24.R1b2 Rf6 25.Qf3 Qf7 26.Qd1 g5 27.g4 fxg4 28.Qxg4 Qxd5 29.Nb6 Qf5
30.Qxf5 Rxf5 31.f3 c4 32.fxe4  1-0

[Event "HUN-chT2 9798"]
[Site "HUN"]
[Date "1998.??.??"]
[Round "?"]
[White "Kormos, Lajos"]
[Black "Biro, Gyorgy"]
[Result "1/2-1/2"]
[WhiteElo "2200"]
[BlackElo "2210"]

1.d4 Nf6 2.c4 e6 3.Nf3 c5 4.d5 exd5 5.cxd5 d6 6.Nc3 g6 7.e4 Bg7 8.h3 O-O
9.Bd3 Re8 10.O-O Na6 11.Nd2 Nc7 12.f4 Rb8 13.a4 a6 14.a5 Bd7 15.Nc4 Nb5 16.Nxd6 Nxd6
17.e5 Nb5 18.exf6 Qxf6 19.Nxb5 axb5 20.Qf3 c4 21.Bc2 Re7 22.f5 Bxf5 23.Bxf5 Qxf5
24.Bf4 Rbe8 25.d6 Re4 26.Rad1 Qd7 27.Bg5 R8e6 28.Be7 f5 29.g4 f4 30.Qf2 Bf6
31.Bxf6 Rxf6 32.Qc5 Re8 33.Qd5+ Kg7 34.Qd4 g5 35.Rxf4 gxf4 36.g5 Re6 37.Kf2 Kf7
38.gxf6 Rxf6 39.Qd5+ Kf8 40.Qe5 Kf7  1/2-1/2

[Event "HUN-chT29899"]
[Site "HUN"]
[Date "1998.??.??"]
[Round "?"]
[White "Hogye, Imre"]
[Black "Kundrak, Gabor"]
[Result "1/2-1/2"]
[WhiteElo "2220"]
[BlackElo "2265"]

1.d4 Nf6 2.c4 c5 3.d5 e6 4.Nc3 exd5 5.cxd5 d6 6.Nf3 g6 7.g3 Bg7 8.Bg2 O-O
9.O-O a6 10.a4 Nbd7 11.Bf4 Qc7 12.Qd2 Re8 13.Rfe1 Ne4 14.Qc2 Ndf6 15.Nxe4 Nxe4
16.Nd2 Nxd2 17.Bxd2 f5  1/2-1/2

[Event "HUN-chT29899"]
[Site "HUN"]
[Date "1998.??.??"]
[Round "?"]
[White "Papp, Zsolt"]
[Black "Schroter, Tamas"]
[Result "1-0"]
[WhiteElo "2115"]
[BlackElo "2280"]

1.d4 Nf6 2.c4 c5 3.d5 e6 4.Nf3 exd5 5.cxd5 d6 6.Nc3 g6 7.h3 Bg7 8.e4 O-O
9.Bd3 Re8 10.O-O c4 11.Bxc4 Nxe4 12.Nxe4 Rxe4 13.Bg5 Bf6 14.Bd3 Rb4 15.Qe1 Bxg5
16.Qxb4 a5 17.Qe4 Bf6 18.Rfe1 Kf8 19.Qf4 Bxb2 20.Ng5 Qc7 21.Rac1  1-0

[Event "HUN-chT9899"]
[Site "HUN"]
[Date "1998.??.??"]
[Round "?"]
[White "Goczo, Melinda"]
[Black "Tamas, Norbert"]
[Result "1/2-1/2"]
[WhiteElo "2185"]
[BlackElo "2250"]

1.d4 Nf6 2.Nf3 e6 3.c4 c5 4.d5 exd5 5.cxd5 d6 6.Nc3 g6 7.e4 Bg7 8.h3 O-O
9.Bd3 b5 10.Bxb5 Nxe4 11.Nxe4 Qa5+ 12.Nfd2 Qxb5 13.Nxd6 Qa6 14.N2c4 Rd8 15.Qe2 Bb7
16.Nxb7 Qxb7 17.Ne3 Na6 18.O-O Nb4 19.Rd1 Bd4 20.Qc4 Nxd5 21.Nxd5 Qxd5 22.Qxd5 Rxd5
23.Be3 Rad8 24.Bxd4 Rxd4 25.Rxd4 Rxd4 26.Rc1 Rd2 27.Rxc5  1/2-1/2

[Event "HUN-chT29899"]
[Site "HUN"]
[Date "1998.??.??"]
[Round "?"]
[White "Biro, David"]
[Black "Gyarmati, Peter"]
[Result "1/2-1/2"]
[WhiteElo "2155"]
[BlackElo "2165"]

1.d4 Nf6 2.c4 e6 3.Nf3 c5 4.d5 exd5 5.cxd5 d6 6.Nc3 g6 7.e4 Bg7 8.h3 O-O
9.Bd3 a6 10.a4 Re8 11.O-O Nbd7 12.Re1 Qc7 13.Bf4 Nh5 14.Bh2 Ne5 15.Be2 Nd7
16.Nd2 Nhf6 17.Nc4 Bf8 18.Bf1 Rb8 19.a5 b5 20.axb6 Nxb6 21.Na5 Nbd7 22.Qc2 Qb6
23.Ra2 Qc7 24.Rea1 Rb4 25.f3 Ne5 26.Bxe5 dxe5 27.Qd2 Nh5 28.Nc6 Qb6 29.Na4 Rxa4
30.Rxa4 c4+ 31.Kh2 Bc5 32.g3 Bf2 33.Rb4 Bxg3+ 34.Kg2 Qc5 35.Rxc4 Qd6 36.Nb4 Qf6
37.Kh1 Qh4 38.Nd3 Bxh3 39.Bxh3 Qxh3+ 40.Kg1 Rb8 41.b4 Bf4 42.Nxf4 Nxf4 43.Ra3 Qg3+
44.Kf1 Qh3+ 45.Kg1 Qg3+ 46.Kf1 Qh3+  1/2-1/2

[Event "HUN-chT2 9798"]
[Site "HUN"]
[Date "1998.??.??"]
[Round "?"]
[White "Restas, Peter"]
[Black "Bai, Attila"]
[Result "0-1"]
[WhiteElo "2195"]
[BlackElo "2270"]

1.d4 Nf6 2.Nf3 e6 3.c4 c5 4.d5 exd5 5.cxd5 d6 6.Nc3 g6 7.Nd2 Bg7 8.e4 O-O
9.Be2 Nfd7 10.O-O Na6 11.Nc4 Ne5 12.Ne3 f5 13.f4 Nf7 14.exf5 gxf5 15.Kh1 Nh6
16.Nb5 Nc7 17.a4 Ne8 18.Bf3 Kh8 19.Rb1 a6 20.Na3 b6 21.b4 Bd7 22.bxc5 bxc5
23.Bb2 Bxb2 24.Rxb2 Rg8 25.Nac4 Rg7 26.Qa1 Rb8 27.Rxb8 Qxb8 28.Rb1 Qd8 29.Rb6 a5
30.Qb2 Bxa4 31.Rb8 Qe7 32.Bh5 Qh4 33.g3 Qxh5 34.Qf6 Qg6 35.Qxd6 Qxd6 36.Nxd6 Re7
37.Nexf5 Nxf5 38.Nxf5 Re2 39.Ra8 Bb3 40.Rxa5 Bxd5+ 41.Kg1 Rc2 42.Ne3 Rc1+
43.Kf2 Bf7 44.Ra7 Kg7 45.Nf5+ Kg6 46.g4 Rc2+ 47.Kg3 Ra2 48.Rb7 Ra3+ 49.Kh4 Ra6
50.Rb8 c4 51.Ne3 Rc6 52.f5+ Kg7 53.Rb1 c3 54.Rc1 Bb3 55.Kg5 Nf6 56.Kf4 Nd5+
57.Nxd5 Bxd5  0-1

[Event "HUN-chT 9798"]
[Site "Hungary"]
[Date "1998.??.??"]
[Round "?"]
[White "Nagy, Andras"]
[Black "Hever, Miklos"]
[Result "1/2-1/2"]
[WhiteElo "2140"]
[BlackElo "2295"]

1.d4 Nf6 2.c4 c5 3.d5 e6 4.Nf3 exd5 5.cxd5 d6 6.Nc3 g6 7.h3 Bg7 8.e4 O-O
9.Bd3 b6 10.O-O Ba6 11.Qe2 Bxd3 12.Qxd3 a6 13.a4 Nbd7 14.Bf4 Qc7 15.Qc4 Nh5
16.Bh2 Ne5 17.Bxe5 dxe5 18.Rfd1 Qd6 19.Qe2 Rfc8 20.Nd2 Nf4 21.Qf1 c4 22.g3 Nh5
23.Nxc4 Qc5 24.Ne3 Nxg3 25.fxg3 Qxe3+ 26.Qf2 Qg5 27.Kh2 Bf8 28.Rf1 Ra7 29.Rad1 Bc5
30.Qf6 Qxf6 31.Rxf6 Bd4 32.Rd3 Rb7 33.Rc6 Rbc7 34.Rxc7 Rxc7 35.Kg2 Kf8 36.Kf3 Rc4
37.h4 h5 38.d6 Rc6 39.Ne2 Rxd6 40.Nxd4 exd4 41.e5 Rc6  1/2-1/2

[Event "Zemplen Kupa op"]
[Site "Hungary"]
[Date "1998.??.??"]
[Round "3"]
[White "Kiss, Pal"]
[Black "Kovacs, Tamas"]
[Result "1-0"]
[WhiteElo "2435"]
[BlackElo "2145"]

1.d4 Nf6 2.c4 e6 3.Nf3 c5 4.d5 exd5 5.cxd5 d6 6.Nc3 g6 7.Bg5 Bg7 8.e3 O-O
9.Nd2 Re8 10.Be2 b6 11.O-O Ba6 12.Bxa6 Nxa6 13.Nde4 Nc7 14.Qf3 Rxe4 15.Nxe4 Nce8
16.Rad1 Qe7 17.Nxf6+ Nxf6 18.b3 Re8 19.Rfe1 Qe4 20.Qxe4 Nxe4 21.Bf4 g5 22.Bg3 Bc3
23.Re2 f5 24.f3 Nxg3 25.hxg3 f4 26.gxf4 gxf4 27.Kf2 fxe3+ 28.Rxe3 Rxe3 29.Kxe3 Kf7
30.Ke4 Kg6 31.g4 Bg7 32.f4 b5 33.Rc1 h6 34.Kf3 Kf7 35.Re1 a5 36.Re6 Bf8 37.Ke4 Be7
38.Rxh6 Bf6 39.g5 Be7 40.a4 bxa4 41.bxa4 Bf8 42.Re6  1-0

[Event "Jyvaskyla We JyS"]
[Site "Jyvaskyla"]
[Date "1998.??.??"]
[Round "5"]
[White "Mertanen, Janne"]
[Black "Heinimaki, Leo"]
[Result "1-0"]
[WhiteElo "2180"]
[BlackElo "2080"]

1.d4 Nf6 2.c4 e6 3.Nf3 c5 4.d5 exd5 5.cxd5 d6 6.Nc3 g6 7.Bf4 a6 8.a4 Bg7
9.e3 O-O 10.Be2 Qe7 11.Nd2 Nbd7 12.Nc4 Ne8 13.a5 Ne5 14.Nb6 Rb8 15.e4 Bd7
16.Qd2 Nc7 17.O-O Bb5 18.Rfe1 Bxe2 19.Nxe2 Nb5 20.Bg5 f6 21.Bh6 Bxh6 22.Qxh6 Rbd8
23.Qh3 Nf7 24.Nf4 Nd4 25.Rac1 Qe5 26.Nd3 Ng5 27.Qe3 Qe7 28.h4 Nf7 29.b4 f5
30.bxc5 Qxe4 31.Qxe4 fxe4 32.Rxe4 Nb3 33.Rc3 Nxc5 34.Nxc5 dxc5 35.Rxc5 Nd6
36.Re7 Rf7 37.Rxf7 Kxf7 38.Rc7+ Kg8 39.Nd7 h5 40.Nf6+ Kf8 41.g3 Ne8 42.Nxe8 Kxe8
43.Rxb7 Rxd5 44.Rg7 Rxa5 45.Kf1 Re5 46.Rxg6 a5 47.Rg7 Kd8 48.f3 Kc8 49.Kf2 Kb8
50.Rg5  1-0

[Event "Klatovy op-A"]
[Site "Klatovy"]
[Date "1998.??.??"]
[Round "?"]
[White "Cedikova, Katerina"]
[Black "Kaderabek, Jiri"]
[Result "0-1"]
[WhiteElo "2135"]
[BlackElo "2070"]

1.d4 Nf6 2.c4 c5 3.d5 e6 4.Nc3 exd5 5.cxd5 d6 6.Nf3 g6 7.Nd2 Bg7 8.e4 O-O
9.Be2 a6 10.a4 Nbd7 11.O-O Rb8 12.Re1 Re8 13.Qc2 Ne5 14.h3 Nh5 15.Bxh5 gxh5
16.f4 Ng6 17.Nf3 Nh4 18.Qe2 Nxf3+ 19.Qxf3 h4 20.Kh1 b5 21.axb5 axb5 22.Nd1 f5
23.Ra3 fxe4 24.Rxe4 Bf5 25.Rxe8+ Qxe8 26.Re3 Qg6 27.Nc3 Bd4 28.Re2 Re8 29.Nxb5 Rxe2
30.Qxe2 Bd3 31.Qe7 Bxb5 32.Qd8+ Be8 33.f5 Qh5  0-1

[Event "Korinthos op"]
[Site "Korinthos"]
[Date "1998.??.??"]
[Round "2"]
[White "Bae, Torstein"]
[Black "Papaioannou, Ioannis"]
[Result "0-1"]
[WhiteElo "2180"]
[BlackElo "2490"]

1.d4 Nf6 2.c4 e6 3.Nf3 c5 4.d5 d6 5.Nc3 exd5 6.cxd5 g6 7.Bf4 a6 8.a4 Bg7
9.Nd2 Nh5 10.Bg3 O-O 11.Nc4 Nxg3 12.hxg3 Qc7 13.Qd2 Nd7 14.Ne4 Rb8 15.Ncxd6 c4
16.e3 Nc5 17.Nxc5 Qxd6 18.Ne4 Qe5 19.Nc3 b5 20.axb5 axb5 21.Rc1 Rd8 22.f4 Qe7
23.Be2 Bb7 24.Bf3 b4 25.Na2 Qc5 26.Nxb4 Bf8 27.Nc2 Bxd5 28.Nd4 Bg7 29.O-O Bxf3
30.Rxf3 Bxd4 31.exd4 Rxd4 32.Qe3 Rxb2 33.g4 Rb3 34.Qe8+ Kg7  0-1

[Event "RUS-ch sf"]
[Site "Krasnodar"]
[Date "1998.??.??"]
[Round "?"]
[White "Tunik, Gennady"]
[Black "Sanarov, Oleg"]
[Result "1-0"]
[WhiteElo "2470"]
[BlackElo "2290"]

1.d4 Nf6 2.c4 c5 3.d5 e6 4.Nc3 exd5 5.cxd5 d6 6.Nf3 g6 7.Nd2 Nbd7 8.e4 Bg7
9.Be2 O-O 10.O-O a6 11.a4 Rb8 12.h3 Re8 13.Re1 Nb6 14.Qc2 Qe7 15.a5 Nbd7
16.Nc4 b5 17.axb6 Nxb6 18.Na5 Bd7 19.Nc6 Bxc6 20.dxc6 Rec8 21.Bf3 Nc4 22.Rxa6 Ne5
23.Qd1 Rxc6 24.Ra1 Rcb6 25.Be2 h6 26.Bf1 Rb4 27.Kh1 Kh7 28.Ra6 R4b6 29.Rxb6 Rxb6
30.Qc2 Qb7 31.f4 Nc6 32.e5 dxe5 33.Na4 Rb4 34.Nxc5 Qb6 35.Nd3 exf4 36.Nxf4 Nd4
37.Qf2 Nf5 38.Qxb6 Rxb6 39.Bd3 Rb7 40.Kg1 Bf8 41.Bxf5 gxf5 42.Re5 Re7 43.Rxe7 Bxe7
44.Kf1 Nd7 45.Ke2 Ne5 46.Nd5 Bg5 47.Bd2 Bxd2 48.Kxd2 Kg6 49.b4 f4 50.Nxf4+ Kf5
51.Ke3 Nc4+ 52.Kf3 Nd2+ 53.Ke2 Nc4 54.Nd3 Ke4 55.g3 f5 56.Nc5+ Ke5 57.b5 Nb6
58.Kf3 Kd4 59.Ne6+ Ke5 60.Nd8 Kf6 61.Ke3 Kg5 62.Kd4 h5 63.Ne6+ Kf6 64.Nf4 Kg5
65.Ng2 Kf6 66.h4  1-0

[Event "RUS-Cup"]
[Site "Krasnodar"]
[Date "1998.??.??"]
[Round "7"]
[White "Kiseleva, Natalia"]
[Black "Rakov, V."]
[Result "1-0"]
[WhiteElo "2320"]
[BlackElo "2240"]

1.d4 Nf6 2.c4 e6 3.Nf3 c5 4.d5 exd5 5.cxd5 d6 6.Nc3 g6 7.g3 Bg7 8.Bg2 O-O
9.O-O Bg4 10.Nd2 Na6 11.Nc4 Nc7 12.a4 Qe7 13.h3 Bc8 14.e4 Nce8 15.Re1 Nd7
16.f4 f6 17.Rb1 b6 18.b4 cxb4 19.Rxb4 Ba6 20.Nb5 Rc8 21.Bb2 Rf7 22.Qd2 Qf8
23.Bf1 Bxb5 24.axb5 Nc5 25.Bg2 h5 26.e5 fxe5 27.fxe5 Bh6 28.Qc2 Kh7 29.e6 Rf2
30.Re2 Rxe2 31.Qxe2 Qf5 32.Bd4 Qd3 33.Qxd3 Nxd3 34.Ra4 Rc7 35.Bf1 Nc1 36.Ra3 Ng7
37.g4 hxg4 38.hxg4 Ne8 39.Rh3 g5 40.Bb2 a6 41.Bxc1 axb5 42.Nxd6 Nxd6 43.Bxg5  1-0

[Event "FRA-chB"]
[Site "Meribel"]
[Date "1998.??.??"]
[Round "6"]
[White "Touzane, Olivier"]
[Black "De Sousa, Jose"]
[Result "1-0"]
[WhiteElo "2350"]
[BlackElo "2230"]

1.d4 Nf6 2.c4 e6 3.Nf3 c5 4.d5 d6 5.Nc3 exd5 6.cxd5 g6 7.e4 a6 8.a4 Bg4 9.h3 Bxf3
10.Qxf3 Nbd7 11.Be2 Bg7 12.Bf4 Qe7 13.O-O O-O 14.Qg3 Ne8 15.Bg5 f6 16.Be3 Nc7
17.Rae1 Rab8 18.a5 b5 19.axb6 Rxb6 20.Bc1 Kh8 21.f4 Qf7 22.Bc4 Rb4 23.b3 Qe7
24.Qd3 Rfb8 25.e5 fxe5 26.f5 Nf8 27.Ne4 gxf5 28.Rxf5 Ng6 29.Rh5 Ne8 30.Ng5 e4
31.Rxe4 Qf6 32.Nxh7  1-0

[Event "RUS-Cup02"]
[Site "Moscow"]
[Date "1998.??.??"]
[Round "6"]
[White "Shinkevich, Vitaly"]
[Black "Shariyazdanov, Andrey"]
[Result "1/2-1/2"]
[WhiteElo "2395"]
[BlackElo "2495"]

1.d4 Nf6 2.c4 e6 3.Nf3 c5 4.d5 exd5 5.cxd5 d6 6.Nc3 g6 7.e4 Bg7 8.Bb5+ Bd7
9.a4 O-O 10.O-O Bg4 11.h3 Bxf3 12.Qxf3 a6 13.Be2 Re8 14.Bf4 Qe7 15.Rfe1 Nbd7
16.Bf1 Nh5 17.Bh2 Be5 18.Bxe5 Nxe5 19.Qe3 Qf6 20.a5 g5 21.Ne2 Rab8 22.Ng3 Nxg3
23.Qxg3 b5 24.axb6 Rxb6 25.b3 Reb8 26.Bc4 Kh8 27.Rf1 Rg8 28.f4 gxf4 29.Qxf4 Qxf4
30.Rxf4 Rg3 31.Rf2 Kg7 32.Rfa2 h5 33.Kh2 Rg6 34.Ra3 h4 35.Bxa6 Rb4 36.Bf1 Rf6
37.Re1 Kg6 38.Kg1 Kg5 39.Bc4 Rb8 40.Ra2 Rg8 41.Kh2 Rf4 42.Re3 Rg6 43.Re1 Rgf6
44.Kg1 Kg6 45.Rc2 Kg7 46.Ra2 Rg6 47.Re3 Rg3 48.Rf2 Rxe3 49.Rxf4 Ng6 50.Rg4 Kf6
51.Kf2 Rc3 52.g3 Ke5 53.gxh4 Nf4 54.Rg7 f6 55.Re7+ Kd4 56.Re6 Nxh3+ 57.Kf1 Nf4
58.Rxd6 Ke3 59.Kg1 Rc1+ 60.Bf1 f5 61.exf5 Kf3 62.Rg6 Ne2+ 63.Kh2 Rxf1 64.Rg2  1/2-1/2

[Event "CERA Bank op"]
[Site "NED"]
[Date "1998.??.??"]
[Round "?"]
[White "Walther, Cliff"]
[Black "Laurent, Bruno"]
[Result "1-0"]
[WhiteElo "2175"]
[BlackElo "2190"]

1.d4 Nf6 2.c4 e6 3.Nf3 c5 4.d5 exd5 5.cxd5 d6 6.Nc3 g6 7.Bf4 Bg7 8.Nd2 O-O
9.Nc4 a6 10.a4 Ng4 11.Qd2 Ne5 12.e4 Nxc4 13.Bxc4 Re8 14.f3 Nd7 15.O-O Ne5
16.Be2 b6 17.Bh6 Bf6 18.h3 Rb8 19.f4 Nd7 20.Bd3 c4 21.Bxc4 b5 22.axb5 axb5
23.Bd3 Nc5 24.e5 dxe5 25.Bxb5 Rxb5 26.Nxb5 Nb3 27.Qf2 e4 28.Ra8 Qxd5 29.Nc7 Qc6
30.Nxe8 Bd4 31.Qxd4 Nxd4 32.Nf6+ Kh8 33.Rb8 Nf5 34.Bf8 e3 35.Ng4 Kg8 36.Bb4 Qc7
37.Nf6+ Kg7 38.Ne8+ Kh6 39.Nxc7  1-0

[Event "Newport"]
[Site "Newport"]
[Date "1998.??.??"]
[Round "7"]
[White "Crouch, Colin S"]
[Black "Tan, Desmond"]
[Result "1/2-1/2"]
[WhiteElo "2410"]
[BlackElo "2110"]

1.d4 Nf6 2.c4 e6 3.Nf3 c5 4.d5 d6 5.Nc3 exd5 6.cxd5 g6 7.e4 Bg7 8.h3 O-O
9.Bd3 b5 10.Bxb5 Nxe4 11.Nxe4 Qa5+ 12.Nfd2 Qxb5 13.Nxd6 Qa6 14.N2c4 Nd7 15.O-O Nb6
16.Ne3 Rd8 17.Ne4 Bd4 18.Nc2 Bg7 19.Qf3 f5 20.Nc3 Bb7 21.Bg5 Nxd5 22.Nxd5 Rxd5  1/2-1/2

[Event "RUS-Cup"]
[Site "Omsk/Perm"]
[Date "1998.??.??"]
[Round "8"]
[White "Sherbakov, Ruslan"]
[Black "Kalin, Viktor L"]
[Result "1/2-1/2"]
[WhiteElo "2555"]
[BlackElo "2355"]

1.d4 Nf6 2.Nf3 c5 3.d5 e6 4.c4 exd5 5.cxd5 d6 6.Nc3 g6 7.g3 Bg7 8.Bg2 O-O
9.O-O Re8 10.h3 Ne4 11.Nxe4 Rxe4 12.Nd2 Re8 13.a4 Nd7 14.Ne4 Nf6 15.Nc3 a6
16.Qd3 Rb8 17.Rb1 b5 18.axb5 axb5 19.b4 Nd7 20.Bf4 Ne5 21.Bxe5 c4 22.Qd2 Bxe5
23.Rbc1 Bd7  1/2-1/2

[Event "HUN-ch op"]
[Site "Pecs"]
[Date "1998.??.??"]
[Round "5"]
[White "Krizsany, Laszlo"]
[Black "Parkanyi, Attila"]
[Result "1-0"]
[WhiteElo "2410"]
[BlackElo "2390"]

1.d4 Nf6 2.c4 c5 3.d5 e6 4.Nc3 exd5 5.cxd5 d6 6.Nf3 g6 7.Nd2 Nbd7 8.e4 Bg7
9.Be2 O-O 10.O-O Re8 11.a4 a6 12.Qc2 Ne5 13.Ra3 Rb8 14.a5 Qe7 15.Re1 Nh5
16.Bxh5 gxh5 17.Na4 f5 18.Nb6 f4 19.Nxc8 Rbxc8 20.Nc4 Rf8 21.Nxe5 Bxe5 22.Qe2 Qg5
23.Kh1 Qg4 24.h3 Qh4 25.Qf3 Rc7 26.Ra2 Rg7 27.Bd2 Qf6 28.Bc3 Rg5 29.Ra4 Re8
30.Bd2 Rf8 31.b3 Qg7 32.Rc4 Kh8 33.b4 cxb4 34.Bxb4 Rg8 35.Rg1 Qe7 36.Bd2 Rf8
37.Rgc1 Qf6 38.Rc7 Rfg8 39.Rxb7 R5g7 40.Rxg7 Qxg7 41.Rc6 h4 42.Rxa6 Rb8 43.Rb6 Rf8
44.Rc6 Qa7 45.Bc3 Qg7 46.Bxe5 dxe5 47.a6 Rb8 48.Qg4  1-0

[Event "HUN-ch op"]
[Site "Pecs"]
[Date "1998.??.??"]
[Round "8"]
[White "Csiszar, Csaba"]
[Black "Sziebert, Adam"]
[Result "0-1"]
[WhiteElo "2410"]
[BlackElo "2390"]

1.d4 Nf6 2.Nf3 c5 3.d5 e6 4.c4 exd5 5.cxd5 d6 6.Nc3 g6 7.e4 Bg7 8.h3 O-O
9.Bd3 b5 10.Nxb5 Nxe4 11.Bxe4 Re8 12.Ng5 Qa5+ 13.Nc3 Bxc3+ 14.bxc3 Ba6 15.Qc2 f5
16.Ne6 fxe4 17.Bd2 Bc4 18.Qxe4 Qb5 19.Rb1 Bxd5 20.Rxb5 Bxe4 21.Nc7 Re7 22.Nxa8 Bd3+
23.Kd1 Bxb5 24.Bg5 Rd7 25.Re1 Kf7 26.Re4 Bc6 27.Rh4 Bxa8 28.Rxh7+ Kg8 29.Rh6 Bxg2
30.Rxg6+ Rg7 31.Rxg7+ Kxg7 32.Bf4 Bxh3 33.Bxd6 Nd7 34.Ke2 Kf6 35.Kd3 Ke6
36.Bf4 Bf1+ 37.Kc2 Kd5 38.Kb3 Bc4+ 39.Kb2 Ke4 40.Be3 Kd3 41.a4 Bd5 42.Bf4 Nb6
43.Bb8 a6 44.Ba7 Nxa4+ 45.Ka3 Bc6 46.f4 Kc4 47.f5 Nxc3 48.f6 Be8 49.Kb2 Ne4  0-1

[Event "CRO-Cup"]
[Site "Pula"]
[Date "1998.??.??"]
[Round "2"]
[White "Bilobrk, Franjo"]
[Black "Horvath, Csaba"]
[Result "0-1"]
[WhiteElo "2365"]
[BlackElo "2535"]

1.d4 Nf6 2.c4 e6 3.Nf3 c5 4.d5 d6 5.Nc3 exd5 6.cxd5 g6 7.e4 a6 8.a4 Bg4 9.Be2 Bxf3
10.Bxf3 Bg7 11.Bf4 O-O 12.O-O Qe7 13.a5 Nbd7 14.Re1 Rfe8 15.h3 h5 16.Na4 Nh7
17.Qd2 Bd4 18.Rab1 Qf6 19.b4 c4 20.Be3 Bxe3 21.Rxe3 Ng5 22.Qc2 Qf4 23.Rbe1 Re7
24.Be2 Rxe4 25.Rxe4 Nxe4 26.Bxc4 Nef6 27.Qb3 Rc8 28.Bf1 Ne5 29.Nc3 Nfg4 30.hxg4 Nxg4  0-1

[Event "Pula op"]
[Site "Pula"]
[Date "1998.??.??"]
[Round "8"]
[White "Grabarczyk, Miroslaw"]
[Black "Kristovic, Marijan"]
[Result "1-0"]
[WhiteElo "2505"]
[BlackElo "2295"]

1.d4 Nf6 2.c4 e6 3.Nf3 c5 4.d5 exd5 5.cxd5 d6 6.Nc3 g6 7.h3 Bg7 8.e4 O-O
9.Bd3 Re8 10.O-O a6 11.a4 Nbd7 12.Bf4 Bf8 13.Qd2 Nh5 14.Bg5 f6 15.Be3 Ne5
16.Be2 Nxf3+ 17.Bxf3 Ng7 18.a5 Bd7 19.Rfb1 f5 20.b4 fxe4 21.Bxe4 c4 22.g4 Be7
23.Re1 Bf6 24.Bb6 Qc8 25.Bg2 Rxe1+ 26.Rxe1 Qf8 27.Ne4 Be5 28.Bd4 Re8 29.Qc3 Bb5
30.Re3 Qe7 31.Bxe5 dxe5 32.Nc5 h5 33.Qc2 g5 34.Qg6 Rf8 35.Be4 Rf4 36.Ne6 Rxe4
37.Rxe4 c3 38.Rxe5 Ba4 39.Nxg5 Bc2 40.Rxe7 Bxg6 41.Rc7 c2 42.d6 Ne8 43.d7 Nxc7
44.d8=Q+ Ne8 45.Qd5+ Kg7 46.Qd4+ Nf6 47.Qb2 hxg4 48.hxg4 Kg8 49.Ne6 Be4 50.f3 Bd3
51.Nd4  1-0

[Event "SWE-ch"]
[Site "Ronneby"]
[Date "1998.??.??"]
[Round "13"]
[White "Akesson, Joel"]
[Black "Wahlbom, Magnus"]
[Result "0-1"]
[WhiteElo "2290"]
[BlackElo "2310"]

1.d4 e6 2.c4 Nf6 3.Nf3 c5 4.d5 exd5 5.cxd5 d6 6.Nc3 g6 7.Bf4 Bg7 8.Qa4+ Bd7
9.Qb3 Qc7 10.e4 Nh5 11.Be3 O-O 12.Be2 Bg4 13.O-O Nd7 14.h3 Bxf3 15.Bxf3 Nhf6
16.Nb5 Qb8 17.Bf4 Ne8 18.Na3 Ne5 19.Be2 a6 20.Qe3 Qc7 21.Bh6 f5 22.exf5 gxf5
23.Rae1 b5 24.Nc2 Qf7 25.Bxg7 f4 26.Bxf8 fxe3 27.fxe3 Qg6 28.Bd1 Nc7 29.Be7 Nxd5
30.Bh4 Rf8 31.Rxf8+ Kxf8 32.Rf1+ Ke8 33.Kh2 Nb6 34.Bg3 Nbd7 35.Ne1 Kd8 36.Bc2 Qg7
37.b3 Kc7 38.Nf3 Nxf3+ 39.Rxf3 Ne5 40.Rf5 Kb6 41.Rh5 Nf3+ 42.gxf3 Qb2 43.h4 Qxc2+
44.Kh3 Qg6 45.Rg5 Qe6+ 46.Kg2 Qxe3 47.Rd5 Qe2+ 48.Kg1 Qxf3 49.Rxd6+ Ka5 50.Be1+ b4
51.Rd2 Kb5 52.Bf2 Qe4 53.Kf1 a5 54.Kg1 h5  0-1

[Event "Balazs mem op"]
[Site "Salgotarjan"]
[Date "1998.??.??"]
[Round "3"]
[White "Portisch, Ferenc"]
[Black "Szurovszky, Elek"]
[Result "1-0"]
[WhiteElo "2370"]
[BlackElo "2195"]

1.d4 Nf6 2.c4 c5 3.d5 e6 4.Nc3 exd5 5.cxd5 d6 6.Nf3 Nbd7 7.e4 a6 8.a4 Qe7
9.Qc2 g6 10.Be2 Bg7 11.O-O O-O 12.Nd2 b6 13.Nc4 Rb8 14.Bf4 Ne8 15.Rfe1 Ne5
16.Qd2 Nc7 17.Bxe5 Bxe5 18.Nxe5 Qxe5 19.f4 Qd4+ 20.Qxd4 cxd4 21.Na2 f5 22.Rac1 Rb7
23.e5 Nxd5 24.Rxc8 Rxc8 25.Bf3 Re7 26.Bxd5+ Kg7 27.e6 Rc5 28.Bb3 a5 29.Nc1 Kf6
30.Nd3 Rc8 31.Kf2 h6 32.Ke2 b5 33.axb5 Rb7 34.Kd2 Rcc7 35.Ba4 Re7 36.Nc1 Rxe6
37.Rxe6+ Kxe6 38.Nb3 Kd5 39.Kd3 Re7 40.Nxa5 Kc5 41.b4+ Kb6 42.Nc4+ Kc7 43.b6+ Kb8
44.Kxd4 Re4+ 45.Kd5 Rxf4 46.Bc6 g5 47.b5 h5 48.b7 h4 49.Nb6  1-0

[Event "Balazs mem op"]
[Site "Salgotarjan"]
[Date "1998.??.??"]
[Round "6"]
[White "Horvath, Gyula"]
[Black "Prokopisin, Vasily"]
[Result "1/2-1/2"]
[WhiteElo "2465"]
[BlackElo "2315"]

1.d4 Nf6 2.c4 e6 3.Nc3 c5 4.d5 exd5 5.cxd5 d6 6.Nf3 g6 7.Bg5 h6 8.Bh4 g5
9.Bg3 Nh5 10.Qa4+ Qd7 11.Nb5 Kd8 12.Nd2 Na6 13.e3 Nc7 14.Qb3 Nxb5 15.Bxb5 Qe7
16.Be2 Nxg3 17.hxg3 Bg7 18.a4 Rb8 19.Rb1 Bf5 20.Bd3 Bd7 21.Nc4 Kc7 22.Qc2 Rhc8
23.O-O Qf6 24.Rfc1 Kd8 25.b4 Ke7 26.Qb3 b6 27.Nd2 cxb4 28.Qxb4 Rxc1+ 29.Rxc1 a5
30.Qc4 Rc8 31.Qe4+ Qe5 32.Qxe5+ Bxe5 33.Rxc8 Bxc8 34.Nc4 Bc3 35.Nxb6 Kd8
36.Bb5 Bf5 37.f3 Kc7 38.Nc4 Bd3 39.Na3 Bb4 40.Bxd3 Bxa3 41.f4 Kd7 42.Kf2 Ke7
43.Kf3 Kf6 44.Kg4 Bc1 45.e4 Bd2 46.Bb5 h5+ 47.Kf3 Bc1 48.Bc4 Bd2 49.Be2 Bc1
50.Bd1 Bd2 51.Bb3 Bc1 52.Bc4 Bd2 53.Ba6 Bc1 54.Bc8 Ba3 55.Bd7 Ke7 56.Bb5 Kf6
57.Bd7 Ke7 58.Bf5 Kf6 59.Bc8 Bb4 60.Ke3 Bc5+ 61.Kd3 Bf2 62.e5+ Ke7 63.e6 Bxg3
64.fxg5 Bf4 65.g6 fxg6  1/2-1/2